| 000 | 00808cam a22002773a 4500 | ||
|---|---|---|---|
| 001 | 598 | ||
| 003 | PGUSA | ||
| 005 | 20140828082950.0 | ||
| 008 | 960701s1996||||xxu|||||s|||||000 | eng d | ||
| 040 |
_aPGUSA _beng |
||
| 042 | _adc | ||
| 050 | 4 | _aPT | |
| 100 | 1 |
_aSnorri Sturluson, _d-1241 |
|
| 245 | 1 | 0 |
_aHeimskringla; Or, The Chronicle of the Kings of Norway _h[electronic resource] / _cSnorri Sturluson |
| 260 |
_bProject Gutenberg, _c1996 |
||
| 500 | _afrom Old Norse | ||
| 506 | _aPublic domain in the USA. | ||
| 516 | _aElectronic text | ||
| 653 | _aNorway -- History | ||
| 653 | _aSagas -- Translations into English | ||
| 653 | _aIceland -- History | ||
| 653 | _aScandinavia -- History | ||
| 830 | 0 |
_aProject Gutenberg _v598 |
|
| 856 | 4 | 0 | _uhttp://www.gutenberg.org/ebooks/598 |
| 942 | _cEB | ||
| 999 |
_c229949 _d229949 |
||